| 000 | 01217naa a22003497a 4500 | ||
|---|---|---|---|
| 001 | BR9101625 | ||
| 003 | BR-BrBNA | ||
| 005 | 20240918180652.0 | ||
| 007 | ta | ||
| 008 | 230509b bl.||||| |||| 00| 0 por d | ||
| 040 |
_aBR-BrBNA _bpor _cBiblioteca Nacional de Agricultura |
||
| 041 | _a(Pt) | ||
| 072 | _aF63; F62; F30 | ||
| 090 | _aF63 BR9101625 | ||
| 100 | 1 | _aGrattapaglia, D. | |
| 100 | 1 | _aMachado, M.A. | |
| 245 | 1 | _aMicropropagacao | |
| 260 | 3 |
_aBrasilia, DF (Brasil): _c1990. |
|
| 500 | _aTorres, A.C.; Caldas, L.S. (eds.) Tecnicas e aplicacoes da cultura de tecidos de plantas Brasilia, DF (Brasil): 1990. p. 99-169 (BR9101625-AM)F63 | ||
| 650 | _aCULTURA DE TECIDO | ||
| 650 | _aMICROPROPAGACAO | ||
| 650 | _aMEIO DE CULTURA | ||
| 650 | _aINCUBACAO | ||
| 650 | _aMERISTEMA | ||
| 650 | _aTRANSPLANTE DE PLANTA | ||
| 650 | _aENRAIZAMENTO | ||
| 650 | _aGERMOPLASMA | ||
| 650 | _aCONSERVACAO | ||
| 773 | 0 |
_tTecnicas e aplicacoes da cultura de tecidos de plantas _aTorres, A.C.; Caldas, L.S. (eds.). Centro Nacional de Pesquisa de Hortalicas, Brasilia, DF (Brasil) _wF63 BR9101625 _gBrasilia, DF (Brasil), 1990. p. 99-169 |
|
| 909 |
_a202404 _bLucia _c55 _dLucia Elande |
||
| 942 |
_cAM _2AGRIS |
||
| 999 |
_c321579 _d321579 |
||